Państwa świata kończące się na literę „E” - Statystyki

Ogólne statystyki
  • Ten quiz został rozwiązany 392 razy
    323 od ostatniego zresetowania
  • Średni wynik to 4 z 8
Statystyki odpowiedzi
Państwo % Poprawnych
Chile
67%
Belize
63%
Seszele
62%
Zjednoczone Emiraty Arabskie
58%
Indie
55%
Stany Zjednoczone
51%
Zimbabwe
46%
Sierra Leone
29%
Nie znaleziono quizów pasujących do podanych kryteriów
Rozkład punktacji
Procent ludzi z każdym wynikiem
Percentyl według liczby udzielonych odpowiedzi
Twoja historia wyników
Nie rozwiązałeś tego quizu od ostatniego zresetowania